Metody měření kapacity přesahu hradla nad oblastmi kolektoru CGD a emitoru CGS tranzistoru MIS

Bibliographic Details
Main Author: Eliášková, V. (Author)
Format: Article
Language:Czech
Slovak
PhysicalDescription:Sch. 1., lit. 5 zázn. v angl.
Subjects:

MARC

LEADER 00000nab a2200000 a 4500
001 vtls000425155
003 SK-MaSNL
005 20260303001759.0
008 160204c1989 xo 0 cze
015 |a SNBRA19rr/mm-uuuuu 
035 |a CL0425283 
040 |a SNKBUCL  |b slo  |c SNKBUCL  |e AACR2 
041 0 |a slo 
044 |a xo  |c SK 
080 |a 621.382.332.3:621.317.33  |2 1981 
080 |a 621.317.33  |2 1981 
100 1 |a Eliášková, V.  |4 aut  |9 977564 
245 1 0 |a Metody měření kapacity přesahu hradla nad oblastmi kolektoru CGD a emitoru CGS tranzistoru MIS  |c V. Eliášková 
300 |b Sch. 1., lit. 5 zázn. v angl. 
650 0 7 |a tranzistory MIS  |2 snkbucl  |9 977565 
650 0 7 |a kapacita parazitná (elektr.)  |2 snkbucl  |9 977566 
655 7 |a články zo zborníkov  |2 snkbucl  |9 166140 
773 0 |t Rádioelektronika 89  |d Bratislava : Dom techniky ČSVTS, 1989  |g S. 88-89 
850 |a Slovenská národná knižnica v Martine  |a MTA001 
852 |a SNK  |b KIS3GCP 
958 |a NB 
958 |a RK 
958 |a CZ 
992 |a RZB 
999 |c 1565021  |d 1566951